Program smeru rozvoja organizačnej štruktúry riadenia v podniku Tanax, a.s. Bánovce nad Bebravou : Diplomová práca

Salvato in:
Dettagli Bibliografici
Autore principale: Ďuračka, Peter (Autore)
Altri autori: Štefánek, Peter (xxx)
Natura: Manoscritto Libro
Lingua:slovacco
Pubblicazione: Trnava : STU v Bratislave MtF KPIM, 2004
Soggetti:
Tags: Aggiungi Tag
Nessun Tag, puoi essere il primo ad aggiungerne!!

MARC

LEADER 00000ntm a22000003a 4500
001 stu89313
005 20160719154645.9
008 040728s2004----xo------------------slo-d
040 |a STU  |b slo 
041 0 |a slo 
044 |a xo 
100 1 |a Ďuračka, Peter  |4 aut 
245 1 |a Program smeru rozvoja organizačnej štruktúry riadenia v podniku Tanax, a.s. Bánovce nad Bebravou :  |b Diplomová práca 
260 |a Trnava :  |b STU v Bratislave MtF KPIM,  |c 2004 
300 |a 68 s  |c disketa 
650 7 |a priemyselné inžinierstvo a manažment  |2 stusub 
650 7 |a organizačné štruktúry  |2 stusub 
700 1 |a Štefánek, Peter  |4 xxx  |u M190  |U MTF Materiálovotechnologická fakulta  |T MTF Katedra priemyselného inžinierstva a manažmentu  |X 1000601577  |U M190  |Y 167  |7 1000601577 
996 |b 284M059987  |c M*DP-5238  |l MMSKP  |s P  |a 0  |w stu89313_0001